Sergio Méndez Arceo: un señor obispo /
Zapisane w:
| 1. autor: | |
|---|---|
| Format: | Nieznany |
| Język: | Spanish |
| Wydane: |
México :
Correo del Sur
|
| Hasła przedmiotowe: | |
| Etykiety: |
Dodaj etykietę
Nie ma etykietki, Dołącz pierwszą etykiete!
|
MARC
| LEADER | 00000 a2200000 04500 | ||
|---|---|---|---|
| 001 | 44708 | ||
| 003 | |||
| 008 | 050604s1982 mx spa d | ||
| 040 | |a CRAI/IIS |c CRAI/IIS | ||
| 020 | |a [Sin ISBN] | ||
| 022 | |a [Pendiente] | ||
| 090 | |a 0004 V652s | ||
| 100 | |a Videla, Gabriela | ||
| 245 | |a Sergio Méndez Arceo: |b un señor obispo / |c Gabriela Videla | ||
| 260 | |a México : |b Correo del Sur | ||
| 300 | |a 188 páginas; /fotografías | ||
| 500 | |a Colección Rosa María Pochet | ||
| 650 | |a IGLESIA CATOLICA | ||
| 650 | |a IDEOLOGIAS | ||
| 650 | |a CONDICIONES DE VIDA | ||
| 650 | |a DERECHOS HUMANOS | ||
| 650 | |a VIOLENCIA | ||
| 650 | |a SISTEMAS POLITICOS | ||
| 650 | |a SISTEMAS POLITICOS | ||
| 650 | |a MOVIMIENTOS SOCIALES | ||
| 650 | |a MONSEÑOR SERGIO MENDEZ ARCEO | ||
| 999 | |c 17073 |d 17073 | ||
